000 00326nam a2200121Ia 4500
008 230907s9999||||xx |||||||||||||| ||und||
082 _a539.762,REE
100 _aReed, Cameron Bruce.
_9115134
245 4 _aThe physics of the manhattan project/
260 _aSpringer
_bNew York
_c2015
300 _axvii, 222p.:
942 _cBK
999 _c597673
_d597673